| 000 | 00577nam a22002052 4500 | ||
|---|---|---|---|
| 001 | 0000024426 | ||
| 005 | 20151217152301.0 | ||
| 008 | 130913s xx 000 0 eng d | ||
| 020 | _a0323043113 : | ||
| 040 |
_aKABU _cKABU |
||
| 100 | 1 |
_aHudnall, S. David. _@0000184542 |
|
| 245 | 1 | 0 |
_aHematology : _ba pathophysiologic approach. |
| 250 | _a1st ed. | ||
| 260 |
_aPhildelphia, PA : _bMosby, _c2012. |
||
| 300 | _axiii, 171 p. | ||
| 650 | 0 |
_aHematology. _@0000179687 |
|
| 852 | 1 | _9p3570 KES | |
| 908 | _a130913 | ||
| 950 | _@1 | ||
| 999 |
_c10273 _d10273 |
||